Applications of log-linear analysis to questionnaire data /

Saved in:
Bibliographic Details
Main Author: Ginpil, Stephen
Format: Book
Language:English
Published: Canberra : Bureau of Labour Market Research, 1983.
Series:Technical paper (Australia. Bureau of Labour Market Research) no. 17.
Subjects:
LEADER 01107nam a2200289 a 4500
001 c000167460
003 CARM
005 20030804122714.0
008 860618s1983 acaa b f000 0 eng d
019 1 |a 3396208  |5 LACONCORD2021 
035 |a (OCoLC)215035343  |5 LACONCORD2021 
040 |a NUN  |b eng  |c NUN  |d AIAC 
042 |a anuc 
043 |a u-at--- 
082 1 4 |a 001.422/5  |2 19 
100 1 |a Ginpil, Stephen. 
245 1 0 |a Applications of log-linear analysis to questionnaire data /  |c Stephen Ginpil. 
260 |a Canberra :  |b Bureau of Labour Market Research,  |c 1983. 
300 |a 33 p. :  |b ill. ;  |c 30 cm. 
490 1 |a Technical paper / Bureau of Labour Market Research  |v no. 17 
504 |a Bibliography: p. 32-33. 
650 0 |a Questionnaires. 
650 0 |a Log-linear models. 
830 0 |a Technical paper (Australia. Bureau of Labour Market Research)  |v no. 17. 
852 8 |b CARM  |h A3:AB06D0  |i D06566  |p 0232275  |f BK 
999 f f |i 679d7587-3b48-5ec1-8c58-d981ca7f34fe  |s a785e800-df96-5220-a799-e0dd48935174 
952 f f |p Can circulate  |a CAVAL  |b CAVAL  |c CAVAL  |d CARM 1 Store  |e D06566  |f A3:AB06D0  |h Other scheme  |i book  |m 0232275